Place des lettres dans l'alphabet - Statistiques

Statistiques générales
  • Ce quiz a été pris 202 fois
  • Le résultat moyen est 23 sur 26
Statistiques - réponses
LETTRES PLACES % Correct
Z 26
100%
E 5
97%
A 1
96%
I 9
94%
T 20
93%
J 10
92%
K 11
92%
L 12
92%
O 15
92%
R 18
92%
U 21
92%
Y 25
92%
D 4
92%
F 6
92%
H 8
92%
M 13
91%
P 16
91%
G 7
91%
Q 17
87%
S 19
87%
C 3
86%
B 2
84%
N 14
81%
W 23
81%
X 24
81%
V 22
77%
Aucun quiz correspondant
Distribution des résultats
% des personnes avec chaque résultat
Percentile par nombre de réponses
Votre historique - résultats
Vous n’avez pas pris ce quiz